000 00438nam a2200157 i 4500
001 150268
003 ES-MaACL
005 20230906203437.0
007 t|
008 071029s1961 sp ||||1| spa d
245 0 0 _aVademécum internacional de especialidades farmacéuticas y biológicas.
250 _a2ª ed.
260 _aMadrid :
_bDaimón,
_c[1961]
300 _a224 p. :
_bil. ;
_c23 cm.
852 _aES-MaACL
_jC-19900
_bR.47643
999 _c150268
_d150268